000 00667nam a2200241Ia 4500
005 20260430150419.0
008 008 250103s9999 xx 000 0 eng d
037 _aTheses
040 _aCRL
040 _beng
040 _ceng
041 _2eng
041 _aeng
084 _qCRL
100 _aKhandekar Prachi Au.; Bhattacharya Tanmoy Gu.
_91237428
245 0 _aMiddle Marathi: Reconstruction of a Missing Stage in the History of the Marathi Language
260 _c2022
300 _a203p.
650 _aLinguistics
700 _aUniversity of Delhi. Faculty of Arts. Deptt. of Linguistices
_91237429
942 _cTH
999 _c1849725
_d1849725